ASŘ oblastního rozvoje národního hospodářství příloha 2

Guardado en:
Detalles Bibliográficos
Autor principal: Drozd, Antonín
Formato: Libro
Lenguaje:checo
Publicado: Ostrava Výzkumný ústav rozvoje oblastí a měst 1980
Etiquetas: Agregar Etiqueta
Sin Etiquetas, Sea el primero en etiquetar este registro!

MARC

LEADER 00000nam a2200000 4500
001 c142698
005 20221207064546.8
041 0 |a cze 
044 |a CZ 
245 1 0 |a ASŘ oblastního rozvoje národního hospodářství  |b příloha 2  |c Antonín Drozd 
264 1 |a Ostrava  |b Výzkumný ústav rozvoje oblastí a měst  |c 1980 
300 |a 69 s. 
100 1 |a Drozd, Antonín